000 00349nam a22001577a 4500
005 20251108172313.0
008 250721s1981 xx 000 0 eng d
082 1 4 _aJ/F/JOU
245 1 0 _aJourney to the sun /
250 _a2nd ed.
264 1 _aBeijing :
_c1981.
300 _a140p.
650 1 7 _aFiction
942 _2ddc
_cBK
999 _c75662
_d75662